[Event "SVK-ch U16 Girls"]
[Site "Tatralandia"]
[Date "2024.04.12"]
[Round "9"]
[White "Podolinska, Linda"]
[Black "Novomeska, Karin"]
[Result "0-1"]
[WhiteElo "1000"]
[BlackElo "1950"]
[PlyCount "74"]
[EventDate "2024.04.05"]
[EventType "swiss"]
[EventRounds "9"]
[EventCountry "SVK"]
[SourceTitle "CB16_2024"]
[SourceDate "2024.04.17"]
[SourceVersion "1"]
[SourceVersionDate "2024.04.17"]
[SourceQuality "1"]

1. d4 d5 2. Bf4 Nf6 3. Nc3 a6 4. e3 c5 5. Nge2 Nc6 6. g3 Bg4 7. h3 Bf3 8. Rg1 e6 9. Bg2 Bxg2 10. Rxg2 b5 11. a3 c4 12. b4 cxb3 13. cxb3 b4 14. axb4 Bxb4 15. Bg5 Na5 16. Kf1 Bxc3 17. Nxc3 Qb6 18. Bxf6 gxf6 19. Rb1 Qb4 20. Na2 Qb5+ 21. Kg1 Rc8 22. f4 Kd7 23. Rc2 Rb8 24. Rcb2 Rhc8 25. g4 Qb6 26. Qd3 h5 27. Qd1 hxg4 28. hxg4 e5 29. Kg2 exf4 30. exf4 Qd6 31. Kf3 Rh8 32. Qf1 Rh4 33. Kg3 Rbh8 34. Kf3 Qe6 35. Rg2 Rh3+ 36. Rg3 Qe4+ 37. Kf2 Qxf4+ 0-1

[Event "SVK-ch U16 Girls"]
[Site "Tatralandia"]
[Date "2024.04.11"]
[Round "8"]
[White "Jursova, Elena"]
[Black "Podolinska, Linda"]
[Result "1/2-1/2"]
[WhiteElo "1605"]
[BlackElo "1000"]
[PlyCount "66"]
[EventDate "2024.04.05"]
[EventType "swiss"]
[EventRounds "9"]
[EventCountry "SVK"]
[SourceTitle "CB16_2024"]
[SourceDate "2024.04.17"]
[SourceVersion "1"]
[SourceVersionDate "2024.04.17"]
[SourceQuality "1"]

1. e4 c6 2. d4 d5 3. f3 e6 4. Nc3 Bb4 5. Bf4 Bxc3+ 6. bxc3 dxe4 7. Bg3 Nf6 8. fxe4 Nxe4 9. Qf3 Nxg3 10. Qxg3 g6 11. Be2 Qa5 12. Qd3 0-0 13. Nf3 Rd8 14. 0-0 c5 15. Ne5 f5 16. Qe3 cxd4 17. cxd4 Nc6 18. Nf3 Nb4 19. Qb3 Nc6 20. Rad1 Qb4 21. Qe3 Qb6 22. Rb1 Qa5 23. Bc4 Re8 24. Ng5 Nd8 25. Qh3 Re7 26. Qh4 Qc7 27. Bb3 a5 28. a4 Ra6 29. Qh6 Qc3 30. Nf3 Nf7 31. Qf4 Qc7 32. Qd2 Rd6 33. Qe3 b6 1/2-1/2

[Event "SVK-ch U16 Girls"]
[Site "Tatralandia"]
[Date "2024.04.05"]
[Round "1"]
[White "Zuborova, Michaela"]
[Black "Podolinska, Linda"]
[Result "0-1"]
[WhiteElo "1576"]
[BlackElo "1000"]
[PlyCount "50"]
[EventDate "2024.04.05"]
[EventType "swiss"]
[EventRounds "9"]
[EventCountry "SVK"]
[SourceTitle "CB16_2024"]
[SourceDate "2024.04.17"]
[SourceVersion "1"]
[SourceVersionDate "2024.04.17"]
[SourceQuality "1"]

1. d4 d5 2. Bf4 Nf6 3. Nc3 e6 4. a3 c5 5. e3 Nc6 6. Nb5 e5 7. dxe5 a6 8. exf6 axb5 9. fxg7 Bxg7 10. Bxb5 Bxb2 11. Bxc6+ bxc6 12. Ra2 Bc3+ 13. Kf1 Ba6+ 14. Ne2 Bc4 15. Qb1 Bxa2 16. Qxa2 Bf6 17. g4 Bg5 18. Be5 Bf6 19. Qb2 d4 20. Bxf6 Qxf6 21. exd4 Rg8 22. h3 Qf3 23. Ng3 f5 24. gxf5 Rxg3 25. Rg1 Qd1# 0-1